000
00169nam a22000857a 4500
082
_a
34773
100
_a
HAMID ALI
245
_a
ESTA CODE CIVIL ESTABLISHMENT CODE
942
_c
BK
999
_c
23292
_d
23292